Statistics for Taylor Swift - This Love Lyrics

Click here to take the quiz!

General Stats

  • This quiz has been taken 142 times
    (107 since last reset)
  • The average score is 306 of 357

Answer Stats

Answer% Correct
I
98%
love
98%
This
98%
this
98%
a
97%
back
97%
bad
97%
go
97%
good
97%
is
97%
me
97%
Oh
97%
to
97%
came
95%
from
93%
the
93%
you
93%
You
93%
and
90%
And
90%
what
90%
dead
89%
In
87%
in
87%
free
85%
hands
85%
on
85%
These
85%
it
84%
let
82%
alive
79%
could
79%
had
77%
blue
75%
Clear
75%
dark
75%
my
75%
water
75%
of
74%
Your
74%
brought
70%
come
70%
just
70%
mark
70%
never
70%
permanent
70%
silent
69%
When
69%
But
67%
dreams
66%
leave
66%
left
66%
glowing
64%
watched
64%
wildest
64%
will
64%
High
62%
need
62%
screams
62%
tide
62%
gone
61%
were
61%
you're
61%
cheek
59%
out
59%
kiss
57%
knees
57%
young
57%
again
56%
dreamed
56%
fell
56%
run
56%
time
56%
up
56%
ships
52%
darker
51%
losing
51%
night
51%
sinking
51%
Skies
51%
only
49%
smile
49%
still
49%
turning
49%
ghost
48%
grew
48%
new
48%
someone
48%
grip
46%
showed
46%
swept
46%
through
46%
Tossing
46%
with
46%
burning
44%
Baby
41%
Currents
41%
Lantern
41%
Struggled
39%
Flickered
38%
mind
36%

Score Distribution

Percentile by Number Answered

Percent of People with Each Score

Your Score History

You have not taken this quiz since the last reset